|
|
|
|
| LEADER |
01020nab#a2200325#ar4500 |
| 001 |
000027857 |
| 003 |
SVKKK |
| 005 |
00000000000000.0 |
| 008 |
c xo e sloo |
| FMT |
|
|
|
| 038 |
|
|
|a SVKKK
|
| 040 |
|
|
|a SVKKK
|b slo
|e AACR2
|
| 041 |
0 |
|
|a slo
|
| 044 |
|
|
|a xo
|c SK
|
| 080 |
|
|
|a 796.4
|2 1981
|
| 080 |
|
|
|a 929 Žigalová, Mariett
|2 1981
|
| 100 |
1 |
|
|a Tóth, Tomáš
|4 aut
|
| 245 |
1 |
0 |
|a Horda banditov zbila a okradla karatistov :
|b majsterka sveta Marietta Žigalová na pódiu v Riu takmer odpadla
|c Tóth Tomáš, , Žigalová Marietta
|
| 300 |
|
|
|b Fotogr.
|
| 600 |
1 |
4 |
|a Žigalová, Marietta,
|d ?,
|x fitneska
|
| 650 |
0 |
4 |
|a Žigalová, Marietta
|x Majstrovstvá sveta
|x Rio de Janeiro (Brazília)
|x účasť
|x hodnotenie
|x rozhovory profilové
|
| 700 |
1 |
|
|a Žigalová, Marietta
|4 aut
|
| 773 |
0 |
|
|t Košický večer
|g Roč. 12(33), č. 216(2001), dát. 1108, s. 16
|
| 957 |
|
|
|a Košice
|
| 958 |
|
|
|a KE
|
| 974 |
|
|
|d 030206
|a Čr
|
| 992 |
|
|
|a RBX
|
| BAS |
|
|
|
| 852 |
|
|
|a SVKKK
|b BIB
|
| 998 |
|
|
|a REG
|